[Event "Eschborn op"]
[Site "Eschborn"]
[Date "2019.08.17"]
[Round "3.47"]
[White "Reinmann, Paul"]
[Black "Eckhoff, Mathias"]
[Result "0-1"]
[WhiteElo "890"]
[BlackElo "1325"]
[PlyCount "100"]
[EventDate "2019.08.16"]
[EventType "swiss"]
[EventRounds "5"]
[EventCountry "GER"]
[SourceTitle "EXT 2024"]
[Source "ChessBase"]
[SourceDate "2023.10.10"]
[SourceVersion "1"]
[SourceVersionDate "2023.10.10"]
[SourceQuality "1"]

1. e4 e6 2. d4 d5 3. exd5 exd5 4. Nc3 Nf6 5. Bf4 Bd6 6. Bxd6 Qxd6 7. Bd3 Nc6 8. Nf3 Bg4 9. 0-0 0-0-0 10. Re1 Bxf3 11. Qxf3 Nxd4 12. Qh3+ Kb8 13. Qh4 Nc6 14. Qa4 Rhe8 15. Rxe8 Rxe8 16. h3 Qb4 17. Bb5 Qxb2 18. Rf1 Qxc3 19. Bxc6 Qxc6 20. Qb3 a6 21. Rc1 Qc4 22. Qb2 b6 23. Rd1 Re2 24. Rd4 Qxc2 25. Qxc2 Rxc2 26. a4 Rc4 27. Rd2 Rxa4 28. Re2 Re4 29. Ra2 a5 30. f3 Re3 31. Kf2 d4 32. Rd2 c5 33. g4 Nd5 34. h4 Kc7 35. g5 g6 36. Kg3 Kc6 37. Kg4 b5 38. h5 a4 39. f4 f5+ 40. gxf6 Nxf6+ 41. Kg5 Ne4+ 42. Kh6 Nxd2 43. Kxh7 gxh5 44. f5 Rf3 45. Kg6 h4 46. f6 h3 47. f7 h2 48. Kg7 h1Q 49. f8Q Rxf8 50. Kxf8 Qh7 0-1

[Event "Heusenstamm Sparkassen op-B 5th"]
[Site "Heusenstamm"]
[Date "2018.11.23"]
[Round "3"]
[White "Richter, Tim"]
[Black "Eckhoff, Mathias"]
[Result "1/2-1/2"]
[WhiteElo "1118"]
[BlackElo "1463"]
[PlyCount "67"]
[EventDate "2018.11.22"]
[EventType "swiss"]
[EventRounds "7"]
[EventCountry "GER"]
[SourceTitle "CBM 187 Extra"]
[Source "ChessBase"]
[SourceDate "2018.11.04"]
[SourceVersion "1"]
[SourceVersionDate "2018.11.04"]
[SourceQuality "1"]

1. d4 d5 2. Bf4 Bf5 3. e3 e6 4. Nf3 Bd6 5. Bg3 Nf6 6. Bd3 Bg6 7. Ne5 Nbd7 8. Nxg6 hxg6 9. Bxd6 cxd6 10. c4 a6 11. Nc3 dxc4 12. Bxc4 d5 13. Bd3 0-0 14. 0-0 Nb6 15. b3 Rc8 16. Rc1 Qd6 17. h3 Rc7 18. Qd2 Rfc8 19. Rc2 e5 20. Ne2 e4 21. Rxc7 Rxc7 22. Bb1 g5 23. Rc1 Rxc1+ 24. Qxc1 Qc6 25. Qxc6 bxc6 26. Nc3 Ne8 27. Kf1 Nc7 28. a4 a5 29. Ke2 f5 30. g4 g6 31. f3 Ne6 32. Nd1 Kf7 33. Nf2 Kf6 34. Bc2 1/2-1/2